Troilus and Cressida
| Main Author: | |
|---|---|
| Other Authors: | |
| Format: | Book |
| Published: |
London :
Routledge ,
1991
|
| Series: | The Arden Shakespeare
|
| Subjects: |
MARC
| LEADER | 00000cam a2200000 7i4500 | ||
|---|---|---|---|
| 001 | 0000001679 | ||
| 002 | 000001830 | ||
| 005 | 20000330.0 | ||
| 020 | |a 0415027071 | ||
| 090 | 0 | 0 | |a 822.33 |b SHA |
| 100 | 1 | |a Shakespeare, William | |
| 245 | 1 | 0 | |a Troilus and Cressida |c William Shakespeare ; edited by Kenneth Palmer |
| 260 | |a London : |b Routledge , |c 1991 | ||
| 300 | |a 337 p. ; |c 20 cm. | ||
| 490 | 0 | |a The Arden Shakespeare | |
| 650 | 0 | 0 | |a Troilus and Cressida |x Drama |
| 700 | 1 | |a Palmer, Kenneth | |
| 999 | |a 034075 |b BUKU |c PINJAMAN |e PERPUSTAKAAN KOMUNITI PETALING JAYA | ||